000 00663nam a2200181 a 4500
008 061212s2006 ||||||||||||||||| || u
020 _a9211011345
050 _aUNS(05)ECR/05
110 _aUnited Nations Economic and Social Affairs (UNESA)
245 1 0 _aUnited Nations secretariat
246 _afirst consolidated report 2005
260 _aNew York
_bUNITED NATIONS
_c2006
300 _a392p. ; ill.
350 _a0.00
650 0 _aECONOMICS
650 _aUnited Nations--Congresses
995 _D0.00
_FCBU-MAIN LIBRARY (Kitwe)
_H1
_I0.00
_M1
_UAVAILABLE
_WDec 12, 2006
_ZInternational Publications
999 _c60858
_d60858